| 000 | 00562nam a2200181 i 4500 | ||
|---|---|---|---|
| 001 | 141539 | ||
| 003 | ES-MaACL | ||
| 005 | 20230906200320.0 | ||
| 007 | t| | ||
| 008 | 070925s1925 gw ||||1| ger d | ||
| 245 | 0 | 0 |
_aVolk unter Völkern _b: Bücher des Deutschtums / _cherausgegeben von K. C. Loesch ; in zusammenarbeit mit Hillen Ziegfeld. |
| 260 |
_aBreslau : _bFerdinad Hirt, _c1925. |
||
| 300 |
_a1 v. ; _c27 cm. |
||
| 500 | _aEs el vol. 1º. | ||
| 700 | 1 |
_aLoesch, K. C. _973102 |
|
| 700 | 1 |
_aZiegfeld, Hillen A. _9118231 |
|
| 852 |
_aES-MaACL _jG-715 |
||
| 999 |
_c141539 _d141539 |
||